000
00299nam a22001337a 4500
003
SGT
020
_a
9354511384
082
_a
543.19
_b
RAY
100
_a
RAYAJI ASHWINI
245
_a
ADVANCED INSTRUMENTATION TECHNIQUES
260
_a
INDIA
_b
NIRALI PUB
_c
2022
300
_a
5.10
942
_2
ddc
_c
BK
999
_c
34475
_d
34475